000 00297nam a2200121Ia 4500
008 190216s9999||||xx |||||||||||||| ||und||
100 _aPrasad K N
245 0 _aLectures On Micro Economic Theory
260 _bHimalaya Publishing House
_c1987
300 _a808p
650 _aEconomics
942 _cBK
999 _c9780
_d9780